Phraseologismen in der deutschen Wirtschaftspresse diplomová práca
Guardado en:
| Autor principal: | |
|---|---|
| Autor Corporativo: | |
| Otros Autores: | |
| Formato: | Libro |
| Lenguaje: | alemán |
| Publicado: |
Bratislava
2018
|
| Etiquetas: |
Sin Etiquetas, Sea el primero en etiquetar este registro!
|
MARC
| LEADER | 00000nbm a2200000 4500 | ||
|---|---|---|---|
| 001 | 0244053 | ||
| 005 | 20181011145506.6 | ||
| 041 | 0 | |a ger | |
| 044 | |a SK | ||
| 245 | 1 | 0 | |a Phraseologismen in der deutschen Wirtschaftspresse |b diplomová práca |c Ivana Tománková ; školiteľ: Danuša Lišková |
| 264 | 1 | |a Bratislava |c 2018 | |
| 300 | |a 72 s. | ||
| 100 | 1 | |a Tománková, Ivana | |
| 700 | 1 | |a Lišková, Danuša | |
| 710 | 2 | |a Fakulta aplikovaných jazykov EU v Bratislave. Katedra jazykovedy a translatológie | |